Normal view MARC view
  • Donlay, Philip S.

Entry Personal Name

Number of records used in: 1

001 - CONTROL NUMBER

  • control field: 3723

003 - CONTROL NUMBER IDENTIFIER

  • control field: DLC

005 - DATE AND TIME OF LATEST TRANSACTION

  • control field: 20241016085629.0

008 - FIXED-LENGTH DATA ELEMENTS

  • fixed length control field: 050201n| azannaabn |a aaa

010 ## - LIBRARY OF CONGRESS CONTROL NUMBER

  • LC control number: n 2005007298

040 ## - CATALOGING SOURCE

  • Original cataloging agency: DLC
  • Language of cataloging: eng
  • Description conventions: rda
  • Transcribing agency: DLC
  • Modifying agency: DLC

053 #0 - LC CLASSIFICATION NUMBER

  • Classification number element-single number or beginning number of span: PS3604.O55

100 1# - HEADING--PERSONAL NAME

  • Personal name: Donlay, Philip S.

400 1# - SEE FROM TRACING--PERSONAL NAME

  • Personal name: Donlay, Philip

670 ## - SOURCE DATA FOUND

  • Source citation: Donlay, Philip S. Category five, c2004:
  • Information found: t.p. (Philip S. Donlay) jkt. (professional pilot; lives in Minneapolis)

670 ## - SOURCE DATA FOUND

  • Source citation: Seconds to midnight, 2017:
  • Information found: t.p. (Philip Donlay)